| 000 | 00392nam a22001697a 4500 | ||
|---|---|---|---|
| 005 | 20160615143450.0 | ||
| 008 | 160615b xxu||||| |||| 00| 0 eng d | ||
| 020 | _a978-81-265-2683-3 | ||
| 041 | _aeng | ||
| 082 | _b7782 | ||
| 100 |
_aUallabhaneni _91997 |
||
| 245 | _aWhats your MBA IQ ? | ||
| 260 |
_bTinar Group Books _c2010 |
||
| 300 | _a335 | ||
| 650 |
_aManagement _9241 |
||
| 942 | _cBK | ||
| 999 |
_c2791 _d2790 |
||